Statistics for Ohio River States

Click here to take the quiz!

General Stats

  • This quiz has been taken 105 times
  • The average score is 6 of 6

Answer Stats

State% Correct
Indiana
99%
Ohio
99%
Illinois
96%
Kentucky
96%
Pennsylvania
96%
West Virginia
92%

Score Distribution

Percentile by Number Answered

Percent of People with Each Score

Your Score History

You have not taken this quiz